<?xml version="1.0" encoding="UTF-8"?>
<record
    xmlns:xsi="http://www.w3.org/2001/XMLSchema-instance"
    xsi:schemaLocation="http://www.loc.gov/MARC21/slim http://www.loc.gov/standards/marcxml/schema/MARC21slim.xsd"
    xmlns="http://www.loc.gov/MARC21/slim">

  <leader>00706aaa a22001934i 4500</leader>
  <controlfield tag="001">768714001</controlfield>
  <controlfield tag="003">CO-MdFUSB</controlfield>
  <controlfield tag="005">20260313102432.0</controlfield>
  <controlfield tag="008">180405s1993    sp ||||| |||| 00| 0 spa d</controlfield>
  <datafield tag="040" ind1=" " ind2=" ">
    <subfield code="a">CO-MdFUSB</subfield>
    <subfield code="b">spa</subfield>
    <subfield code="c">CO-MdFUSB</subfield>
    <subfield code="d">CO-MdFUSB</subfield>
  </datafield>
  <datafield tag="041" ind1=" " ind2=" ">
    <subfield code="a">spa</subfield>
  </datafield>
  <datafield tag="100" ind1=" " ind2=" ">
    <subfield code="a">Wilfred, Felix,</subfield>
    <subfield code="e">autor</subfield>
  </datafield>
  <datafield tag="245" ind1="1" ind2="0">
    <subfield code="a">Im&#xE1;genes de Jes&#xFA;s en el contexto pastoral asi&#xE1;tico:</subfield>
    <subfield code="b"> Interpretaci&#xF3;n de los documentos de la FABC</subfield>
    <subfield code="c">/ Felix Wilfred</subfield>
  </datafield>
  <datafield tag="300" ind1=" " ind2=" ">
    <subfield code="a">N&#xFA;mero 246 (abril, 1993), p&#xE1;ginas 269 - 281</subfield>
    <subfield code="c">: 21 cm.</subfield>
  </datafield>
  <datafield tag="650" ind1="1" ind2="4">
    <subfield code="a">TEOLOG&#xCD;A</subfield>
  </datafield>
  <datafield tag="773" ind1="0" ind2=" ">
    <subfield code="t">Revista internacional de teolog&#xED;a Concilium</subfield>
    <subfield code="0">49450</subfield>
    <subfield code="9">60400</subfield>
    <subfield code="g">N&#xFA;mero 246 (abril, 1993), p&#xE1;ginas 269 - 281</subfield>
    <subfield code="q">P&#xE1;ginas 269</subfield>
  </datafield>
  <datafield tag="942" ind1=" " ind2=" ">
    <subfield code="c">ANA</subfield>
  </datafield>
  <datafield tag="945" ind1=" " ind2=" ">
    <subfield code="a">JTF-925</subfield>
  </datafield>
  <datafield tag="999" ind1=" " ind2=" ">
    <subfield code="c">63581</subfield>
    <subfield code="d">63581</subfield>
  </datafield>
</record>
